|
|
|
|
| LEADER |
00938nam a22002895a 4500 |
| 001 |
11510 |
| 003 |
BD-DhAAL |
| 005 |
20130827123757.0 |
| 008 |
130827s1986 enk b 000 0 eng d |
| 010 |
|
|
|a 97175929
|
| 020 |
|
|
|a 1853393371
|
| 020 |
|
|
|a 0946688338
|
| 040 |
|
|
|a DLC
|c DLC
|d DLC
|d BD-DhAAL
|
| 082 |
0 |
4 |
|2 21
|a 693.2
|
| 100 |
1 |
|
|a Norton, John.
|9 2812
|
| 245 |
1 |
0 |
|a Building with earth :
|b a handbook /
|c John Norton.
|
| 260 |
|
|
|a London :
|b Intermediate Technology Publications,
|c c1986.
|
| 300 |
|
|
|a 68 p. ;
|c 30 cm.
|
| 504 |
|
|
|6 Includes bibliography (67-68 p.)
|
| 541 |
|
|
|e 11510
|
| 650 |
|
0 |
|a Sod houses.
|9 2813
|
| 650 |
|
0 |
|a Earth houses.
|9 2814
|
| 650 |
|
0 |
|a Building, Adobe.
|9 2815
|
| 942 |
|
|
|2 ddc
|c BK
|
| 955 |
|
|
|a RB13 07/24/97
|
| 999 |
|
|
|c 13896
|d 13896
|
| 952 |
|
|
|0 0
|1 0
|2 ddc
|4 0
|6 693_200000000000000_NOR
|7 0
|9 23257
|a BRACUL
|b BRACUL
|c GEN
|d 2013-08-27
|l 2
|m 13
|o 693.2 NOR
|p 3010011510
|r 2025-01-20
|s 2024-10-30
|t 1
|w 2013-08-27
|y BK
|